Menyusur jalan ketaqwaan : penuhi hidup dengan keberkatan

Bibliographic Details
Main Author: Asri Ibrahim
Format: Book
Language:Malay
Published: Selangor : Hijjaz Records Publishing , 2008
Subjects:

MARC

LEADER 00000cam a2200000 7i4500
001 0000021640
005 20090618.0
008 090615s my # may
020 |a 9789834222918 ,   |c RM19.90 
040 |a INS 
090 0 0 |a BP188.A87 2008 
100 0 |a Asri Ibrahim 
245 1 0 |a Menyusur jalan ketaqwaan :   |b penuhi hidup dengan keberkatan   |c Asri Ibrahim 
260 |a Selangor :   |b Hijjaz Records Publishing ,   |c 2008 
300 |a 166ms. ;   |c 21cm. 
500 |a Mengandungi ayat-ayat dari Quran 
650 0 |a Religious life   |x Islam 
999 |a 0000021080   |b BOOK   |c Open Shelf   |e Default branch